| 000 | 01069cam a22002894a 4500 | ||
|---|---|---|---|
| 999 |
_c1660 _d1660 |
||
| 001 | 11935030 | ||
| 003 | OSt | ||
| 005 | 20180919152610.0 | ||
| 008 | 000308s2000 kyu b 000 0 eng | ||
| 010 | _a 00029015 | ||
| 020 | _a0664222730 (alk. paper) | ||
| 040 |
_aDLC _cDLC _dDLC |
||
| 041 | 1 |
_aeng _hger |
|
| 042 | _apcc | ||
| 050 | 0 | 0 |
_aBV215 _b.L8813 2000 |
| 082 | 0 | 0 |
_a248.32 _221 _bL9733S |
| 100 | 1 |
_aLuther, Martin, _d1483-1546. |
|
| 240 | 1 | 0 |
_aEinfältige Weise zu beten für einen guten Freund. _lEnglish |
| 245 | 1 | 2 |
_aA simple way to pray / _cMartin Luther ; foreword by Marjorie J. Thompson. |
| 260 |
_aLouisville, Ky. : _bWestminster John Knox Press, _cc2000. |
||
| 300 |
_a62, [1] p. ; _c17 cm. |
||
| 504 | _aIncludes bibliographical references (p. [63]). | ||
| 650 | 0 |
_aPrayer _xChristianity _vEarly works to 1800. |
|
| 906 |
_a7 _bcbc _corignew _d1 _eocip _f20 _gy-gencatlg |
||
| 942 |
_2ddc _cBK |
||